Balancing the self : Medicine, politics and the regulation of health in the twentieth century (Record no. 44806)

MARC details
000 -LEADER
fixed length control field 02087nam a2200253Ia 4500
000 - LEADER
fixed length control field 02780naaa 00421uu
001 - CONTROL NUMBER
control field https://directory.doabooks.org/handle/20.500.12854/35025
005 - DATE AND TIME OF LATEST TRANSACTION
control field 20211222134100.0
008 - FIXED-LENGTH DATA ELEMENTS--GENERAL INFORMATION
fixed length control field 211013s9999 xx 000 0 und d
024 ## - OTHER STANDARD IDENTIFIER
Standard number or code 10.7765/9781526132123
042 ## - AUTHENTICATION CODE
Authentication code dc
245 #0 - TITLE STATEMENT
Title Balancing the self : Medicine, politics and the regulation of health in the twentieth century
260 ## - PUBLICATION, DISTRIBUTION, ETC.
Place of publication, distribution, etc. Manchester
Name of publisher, distributor, etc. Manchester University Press
Date of publication, distribution, etc. 2020
300 ## - PHYSICAL DESCRIPTION
Extent 1 electronic resource (368 p.)
520 ## - SUMMARY, ETC.
Summary, etc. Concepts of 'balance' have been central to modern politics, medicine and society. Yet, while many health, environmental and social challenges are discussed globally in terms of imbalances in biological, social and ecological systems, strategies for addressing modern excesses and deficiencies have focused almost exclusively on the agency of the individual. Balancing the Self explores the diverse ways in which balanced and unbalanced selfhoods have been subject to construction, intervention and challenge across the long twentieth century. Through original chapters on subjects as varied as obesity control, fatigue and the regulation of work, and the physiology of exploration in extreme conditions, the volume analyses how concepts of balance and rhetorics of empowerment and responsibility have historically been used for a variety of purposes, by a diversity of political and social agencies. Historicising present-day concerns, as well as uncovering the previously hidden interests of the past, this volume's wide-ranging discussions of health governance, subjectivity and balance will be of interest to historians of medicine, sociologists, social policy analysts, and social and political historians alike.
540 ## - TERMS GOVERNING USE AND REPRODUCTION NOTE
Terms governing use and reproduction Creative Commons
653 ## - INDEX TERM--UNCONTROLLED
Uncontrolled term balance
700 1# - ADDED ENTRY--PERSONAL NAME
Personal name Jackson, Mark
856 ## - ELECTRONIC LOCATION AND ACCESS
Uniform Resource Identifier <a href="https://directory.doabooks.org/handle/20.500.12854/35025">https://directory.doabooks.org/handle/20.500.12854/35025</a>
856 ## - ELECTRONIC LOCATION AND ACCESS
Uniform Resource Identifier <a href="https://library.oapen.org/bitstream/20.500.12657/37334/1/9781526132123_fullhl.pdf">https://library.oapen.org/bitstream/20.500.12657/37334/1/9781526132123_fullhl.pdf</a>
856 ## - ELECTRONIC LOCATION AND ACCESS
Uniform Resource Identifier <a href="www.oapen.org">www.oapen.org</a>
942 ## - ADDED ENTRY ELEMENTS (KOHA)
Koha item type E-Book
Holdings
Withdrawn status Source of classification or shelving scheme Damaged status Not for loan Home library Current library Date acquired Total Checkouts Date last seen Price effective from Koha item type
  Library of Congress Classification   Not For Loan Directory of Open Access Books Directory of Open Access Books 12/22/2021   12/22/2021 12/22/2021 E-Book

University of Rizal System
Email us at univlibservices@urs.edu.ph

Visit our Website www.urs.edu.ph/library